000 01284nab a22002177a 4500
999 _c5323
_d5323
003 OSt
005 20250220113330.0
008 190605e xxu||||| |||| 00| 0 spa d
040 _cPJ
245 1 0 _aLos derechos de los sindicatos minoritarios en el marco de la negociación colectiva desde la perspectiva de los órganos de control de la OIT y su proyección en la legislación nacional /
260 _aCiudad Autónoma de Buenos Aires :
_bThomson Reuters La Ley,
_c2025.
300 _ap. 40-45
500 _aCita Online: AR/DOC/3134/2024.
505 _aSumario: I. La negociación colectiva como derecho exclusivo en la jurisprudencia de la CS.— II. Los derechos de los sindicatos minoritarios en el marco de la negociación colectiva.— III. La crítica de los sindicatos sin personería gremial al fallo "Ademus".— IV. El voto del juez Horacio Rosatti.— V. Conclusiones.
505 _t¿Te interesa el texto completo? Solicitalo al correo: koha@justierradelfuego.gov.ar
650 0 _91316
_aDERECHO LABORAL
650 0 _91367
_aASOCIACIONES SINDICALES
650 0 _91346
_aNEGOCIACION COLECTIVA
773 0 _02711
_93168
_dCiudad Autónoma de Buenos Aires : Thomson Reuters La Ley, 1999-2002.
_tRevista de derecho del trabajo. Nº 1 - Enero 2025
942 _2udc
_cANA